| 000 | 00391nam a2200145Ia 4500 | ||
|---|---|---|---|
| 008 | 220216s9999 xx 000 0 und d | ||
| 100 | _aCopes A | ||
| 245 | 0 | _aUtilization of natural rubber in the correction of scoliosis | |
| 260 |
_bProc. Conf. ACS., Las Vegas _c1990 |
||
| 500 | _aSource Year: 1992 | ||
| 650 | _aNatural rubber | ||
| 700 | _aBaldwin E | ||
| 856 | _uIRRDB | ||
| 942 | _cJS | ||
| 999 |
_c72030 _d72030 |
||